000 00650nam a22002055a 4500
001 136701
003 OSt
005 20230704082817.0
008 971219s1955 xx 000 0 eng
010 _a 97227177
040 _aDLC
_cDLC
082 _a338.93
_bHIL
100 1 _aHill, J. F. R.
245 1 0 _aTanganyika :
_ba review of its resources and their development /
_cJ.F.R. Hill ; prepared under the direction of J.F.R. Hill and edited by J.F. Moffett.
260 _aDar as Salaam :
_bGovt. of Tanganyika,
_c1955.
300 _axviii, 924 p.
906 _a0
_bibc
_corignew
_d3
_encip
_f19
_gy-gencatlg
942 _2ddc
_cBK
999 _c3553
_d3553